|
|
|
|
| LEADER |
01969nam a2200481 4500 |
| 001 |
ocn844034492 |
| 003 |
OCoLC |
| 005 |
20170124070411.8 |
| 006 |
m o d |
| 007 |
cr cnu|||unuuu |
| 008 |
130522s2009 iau o 000 0 eng d |
| 040 |
|
|
|a DG1
|b eng
|e rda
|c DG1
|d CUS
|d CUI
|d NOC
|d OCLCO
|d OCLCF
|d OCLCQ
|d YDXCP
|d GrThAP
|
| 019 |
|
|
|a 902649328
|
| 020 |
|
|
|a 9781118704196
|q (electronic bk.)
|
| 020 |
|
|
|a 1118704193
|q (electronic bk.)
|
| 020 |
|
|
|z 9781118692097
|
| 020 |
|
|
|z 1118692098
|
| 029 |
1 |
|
|a AU@
|b 000051628874
|
| 029 |
1 |
|
|a NZ1
|b 15340605
|
| 029 |
1 |
|
|a GBVCP
|b 790207796
|
| 029 |
1 |
|
|a DEBBG
|b BV043395906
|
| 035 |
|
|
|a (OCoLC)844034492
|z (OCoLC)902649328
|
| 050 |
|
4 |
|a HN49.V64
|b V65 2009
|
| 082 |
0 |
4 |
|a 658.3/1245
|2 23
|
| 049 |
|
|
|a MAIN
|
| 245 |
0 |
0 |
|a Volunteer training primer :
|b principles, procedures and ideas for training and education volunteers.
|
| 264 |
|
1 |
|a Sioux City, Iowa :
|b Stevenson, Inc.,
|c [2009]
|
| 300 |
|
|
|a 1 online resource (46 pages)
|
| 336 |
|
|
|a text
|b txt
|2 rdacontent
|
| 337 |
|
|
|a computer
|b c
|2 rdamedia
|
| 338 |
|
|
|a online resource
|b cr
|2 rdacarrier
|
| 500 |
|
|
|a "Edited by Scott C. Stevenson"--Running title area.
|
| 505 |
0 |
|
|a Orientation & Training Basics -- Training Resources & Environment -- 15 Teaching & Training Techniques -- Nurturing Leaders -- Continuing Education for Volunteers -- Specialized Training & Education -- Additional Training Considerations.
|
| 588 |
0 |
|
|a Online resource; title from PDF title page (Wiley, viewed on May 22, 2013).
|
| 650 |
|
0 |
|a Volunteers
|x Training of.
|
| 650 |
|
0 |
|a Volunteers
|x Management.
|
| 650 |
|
7 |
|a Volunteers
|x Management.
|2 fast
|0 (OCoLC)fst01169128
|
| 650 |
|
7 |
|a Volunteers
|x Training of.
|2 fast
|0 (OCoLC)fst01169133
|
| 655 |
|
4 |
|a Electronic books.
|
| 700 |
1 |
|
|a Stevenson, Scott C.,
|e editor.
|
| 776 |
0 |
8 |
|c Original
|z 1118692098
|z 9781118692097
|w (OCoLC)885459867
|
| 856 |
4 |
0 |
|u https://doi.org/10.1002/9781118704196
|z Full Text via HEAL-Link
|
| 994 |
|
|
|a 92
|b DG1
|